| 000 | 00929cam a2200421ua 4500 | ||
|---|---|---|---|
| 020 | _c47.50 | ||
| 041 |
_aeng _h |
||
| 082 |
_a518 _bGRE/HI |
||
| 100 |
_aGrewal, B S . _9250 |
||
| 245 | _aHigher engineering mathematics | ||
| 250 |
_a15 / _b. |
||
| 260 |
_aNew Delhi : _bKhanna publishers , _c1988. |
||
| 300 | _a959 ; . | ||
| 365 | _a47.50 | ||
| 504 | _a | ||
| 650 |
_aMathematics _96004 |
||
| 942 | _cBK | ||
| 999 |
_c109 _d109 |
||
| 003 | @ | ||
| 003 | OSt | ||